000 00584nam a22001937a 4500
005 20230718093551.0
008 230718b ||||| |||| 00| 0 eng d
040 _cAL
041 _aEnglish
082 _223
_a954.035092
_bPARM
100 _aPravinchandra C Parekh
_9127500
245 _aMahatma Gandhi Worlds superman :an enigma or autobiography of truth
260 _aMumbai
_bSwati Prakashan
_c2003
300 _a515 p.
_bPB
_c17x12 cm.
650 _aMahatma Gandhi
_9127501
650 _aAutobiography
_9127502
700 _aPAREKH (Pravinchandra C)
_9127503
942 _2ddc
_cDB
999 _c227941
_d227941